How to Write Effective Business English Your Guide to Excellent Professional Communication

Salvato in:
Dettagli Bibliografici
Autore principale: Talbot, Fiona
Natura: Libro
Lingua:inglese
Pubblicazione: London Kogan Page 2023
Edizione:4th Edition
Soggetti:
Tags: Aggiungi Tag
Nessun Tag, puoi essere il primo ad aggiungerne!!

MARC

LEADER 00000nam a2200000 4500
001 0295173
005 20240416114209.2
020 |a 978-1-3986-0995-2 
020 |a 978-1-3986-0997-6 
041 0 |a eng 
044 |a GB 
245 1 0 |a How to Write Effective Business English  |b Your Guide to Excellent Professional Communication  |c Fiona Talbot 
250 |a 4th Edition 
264 1 |a London  |b Kogan Page  |c 2023 
300 |a 188 s. 
610 2 0 |a angličtina 
610 2 0 |a gramatika 
610 2 0 |a štylistika 
610 2 0 |a terminológia 
610 2 0 |a komunikácia 
610 2 0 |a médiá sociálne 
100 1 |a Talbot, Fiona